000
00259nam a2200097Ia 4500
008
230915s9999 xx 000 0 und d
050
_a
SB 111 .C63 1976
100
_a
cobley leslie s.
245
3
_a
AN INTRODUCTION TO THE BOTANY OF TROPICAL CROPS
942
_c
BK
999
_c
201679
_d
201679